Set ceramic tile yourself.

Bibliographic Details
Main Author: Raskhodoff, Nicholas M.
Format: Book
Language:English
Published: Princeton, N.J. : Van Nostrand, [1955]
Subjects:

MARC

Tag First Indicator Second Indicator Subfields
LEADER 00000cam a2200000 4500
001 in00000034546
005 20151007061939.0
008 750905s1955 njua 00000 eng
010 |a  55010915  
035 |a (OCoLC)01601008 
035 |9 AAD3553AM 
040 |a DLC  |c DZM  |d TXA  |d UtOrBLW 
049 |a TXAM  |c [457033] 
050 0 0 |a TH8531  |b .R3 
082 0 |a 693.3 693.4* 
092 |a 693.4  |b R225s 
100 1 |a Raskhodoff, Nicholas M. 
245 1 0 |a Set ceramic tile yourself. 
264 1 |a Princeton, N.J. :  |b Van Nostrand,  |c [1955] 
300 |a 176 pages :  |b illustrations ;  |c 24 cm. 
336 |a text  |b txt  |2 rdacontent 
337 |a unmediated  |b n  |2 rdamedia 
338 |a volume  |b nc  |2 rdacarrier 
650 0 |a Tile laying. 
999 |a MARS 
999 f f |s 087d9c91-17da-33bd-8f4e-bb88ee767504  |i 9abbba19-af6a-337f-abcb-64fb96e98e58  |t 0 
952 f f |p ric  |a Texas A&M University  |b Rellis Campus  |c Joint Library Facility  |d Remote Storage  |t 0  |e TH8531 .R3  |h Library of Congress classification  |i unmediated -- volume  |m A14801139697 
998 f f |a TH8531 .R3  |t 0  |l Remote Storage